The Berlin Collection : being a history and exhibition of the books and manuscripts purchased in Berlin in 1891 for the University of Chicago by William Rainey Harper, with the support of nine citizens of Chicago, the Joseph Regenstein Library, April-October, 1979. /
محفوظ في:
مؤلف مشترك:
التنسيق: كتاب
اللغة: English
منشور في:
[Chicago] :
University of Chicago Library,
1979.
الموضوعات:
الوسوم: إضافة وسم
لا توجد وسوم, كن أول من يضع وسما على هذه التسجيلة!
رقم الطلب: Z733 .C535 C48 1979
| LEADER | 01522nam a2200325 i 4500 | ||
|---|---|---|---|
| 001 | 154 | ||
| 003 | OSt | ||
| 005 | 20200908113910.0 | ||
| 008 | 130303s1979 ilua g c 000 0 eng d | ||
| 952 | |0 0 |1 0 |2 lcc |4 0 |6 Z0733 C535 C48 01979 |7 1 |9 5782 |a ARCE |b ARCE |d 2020-09-08 |l 0 |o Z733 .C535 C48 1979 |p 1022562 |r 2020-09-08 00:00:00 |w 2020-09-08 |y BK | ||
| 999 | |c 9862 |d 9862 | ||
| 010 | |a 79084896 //r84 | ||
| 040 | |c ARCE Library | ||
| 043 | |a n-us-il |a e-gx--- | ||
| 050 | 0 | 4 | |a Z733 .C535 C48 1979 |
| 110 | 2 | |a University of Chicago. |b Library, | |
| 245 | 1 | 4 | |a The Berlin Collection : |b being a history and exhibition of the books and manuscripts purchased in Berlin in 1891 for the University of Chicago by William Rainey Harper, with the support of nine citizens of Chicago, the Joseph Regenstein Library, April-October, 1979. / |c by University of Chicago. Library. |
| 264 | 1 | |a [Chicago] : |b University of Chicago Library, |c 1979. | |
| 300 | |a iii, 88 pages : |b illustrations ; |c 23 cm. | ||
| 336 | |a text |b txt |2 rdacontent | ||
| 337 | |a unmediated |b n |2 rdamedia | ||
| 338 | |a volume |b nc |2 rdacarrier | ||
| 600 | 1 | 0 | |a Harper, William Rainey, |d 1856-1906. |
| 610 | 2 | 0 | |a Calvary, S., & Co., Berlin. |9 21629 |
| 610 | 2 | 0 | |a University of Chicago. |b Library |x History |y 19th century. |
| 650 | 0 | |a Early printed books |x Bibliography |x Exhibitions. | |
| 650 | 0 | |a Manuscripts |z Illinois |z Chicago |v Exhibitions. | |
| 901 | |a reviewed | ||
| 942 | |c BK |2 lcc | ||
| 945 | |a Z733 .C535 C48 1979 |g 1 |i mq41416 |l 1arce |o z |p $0.00 |q |r |s w |t 0 |u 0 |v 0 |w 0 |x 0 |y .i32727069 |z 02-05-08 | ||
